|
|
|
|
| LEADER |
00000nam0a2200000 4500 |
| 001 |
206202 |
| 005 |
20231101225330.0 |
| 010 |
|
|
|a 9785996304455
|
| 035 |
|
|
|a (RuTPU)RU\TPU\book\224771
|
| 090 |
|
|
|a 206202
|
| 100 |
|
|
|a 20111228d2011 m y0rusy50 ca
|
| 101 |
0 |
|
|a rus
|
| 102 |
|
|
|a RU
|
| 105 |
|
|
|a a j 000zy
|
| 200 |
1 |
|
|a Эффективная обработка информации. Mind mapping для студентов и профессионалов
|e учебное пособие для вузов
|f А. В. Бабич
|
| 210 |
|
|
|a Москва
|c БИНОМ. Лаборатория знаний
|d 2011
|
| 215 |
|
|
|a 223 с.
|c ил.
|
| 225 |
1 |
|
|a Основы информационных технологий
|
| 330 |
|
|
|a Майндмеппинг, как техника быстрого и эффективного запоминания и осмысления информации, прочно и по праву завоевала себе место в арсенале современного делового человека. Данное пособие предназначено для студентов первых курсов вузов, учащихся старших классов, профессионалов в самых разных областях — всех, кто хочет попробовать свои силы в построении и использовании "ментальных карт". Главная цель книги — показать, что майндмеппинг — это просто, помочь сделать первый шаг на пути совершенствования своих мыслительных способностей, помочь поверить в свои силы, свои творческие способности. Не бывает трудных предметов и неспособных к учебе студентов — бывают неправильные подходы к обучению! Книга станет отличным компаньоном слушателя авторского тренинга "Майндмеппинг с MindManager 8", но ее можно читать и отдельно, вне связи с этим курсом.
|
| 606 |
1 |
|
|a Память
|x Психология
|x Тренировка
|x Психофизические основы
|x Расстройства
|x Развитие
|2 stltpush
|3 (RuTPU)RU\TPU\subj\48049
|9 66928
|
| 610 |
1 |
|
|a информация
|
| 610 |
1 |
|
|a обработка
|
| 610 |
1 |
|
|a ментальные карты
|
| 610 |
1 |
|
|a запоминание
|
| 610 |
1 |
|
|a эффективность
|
| 610 |
1 |
|
|a построение карт
|
| 610 |
1 |
|
|a майндмеппинг
|
| 610 |
1 |
|
|a CASE
|
| 610 |
1 |
|
|a CASE-технологии
|
| 610 |
1 |
|
|a CASE-средства
|
| 610 |
1 |
|
|a Outlook
|
| 610 |
1 |
|
|a учебные пособия
|
| 686 |
|
|
|a Ю935.12я73
|v LBC/SL-A
|2 rubbk
|
| 700 |
|
1 |
|a Бабич
|b А. В.
|g Александр Викторович
|
| 801 |
|
1 |
|a RU
|b 63413507
|c 20111228
|
| 801 |
|
2 |
|a RU
|b 63413507
|c 20150616
|g RCR
|
| 942 |
|
|
|c BK
|
| 959 |
|
|
|a 101/20111228
|d 2
|e 250,00
|f ЧЗТЛ:1
|f АНЛ:1
|